000 00450nam a2200169Ia 4500
003 GCL
008 140319s9999 xx 000 0 eng d
040 _aGCL /
_cGCL
082 0 4 _a635.9
_bL P
100 1 _aLOWY, YOLANDE
245 1 0 _aLES PLANTES D'INTERIEUR /
_cLOWY, YOLANDE
260 _a[S.N] :
_bLE LIVRE DE POCHE ،
_c1983
300 _a120 P
490 _aLE LIVRE DE POCHE
_v0
650 0 4 _aFLOWERS AND ORNAMENTAL PLANTS
942 _2ddc
_cBK
999 _c22858
_d22858